|
|
|
|
| LEADER |
00000nab a2200000 a 4500 |
| 001 |
vtls010614996 |
| 003 |
SK-MaSNL |
| 005 |
20260304185128.0 |
| 008 |
250708|2001 xo ||||||| || 0b|slo |
| 015 |
|
|
|a SNBRA2001
|
| 035 |
|
|
|a (uuid)cfd66bf0-e431-4997-a966-7f73e9c40af4
|
| 035 |
|
|
|a urn:nbn:sk:snk-ab17vo
|
| 035 |
|
|
|a (urnnbn)urn:nbn:sk:snk:ar-a03ote
|
| 040 |
|
|
|a SNKBUCL
|b slo
|c SNKBUCL
|e AACR2
|
| 041 |
0 |
|
|a slo
|b ger
|b eng
|
| 044 |
|
|
|a xo
|c SK
|
| 080 |
|
|
|a 069.5:025.7/.9
|2 1997
|
| 080 |
|
|
|a 025.7/.9:069.5
|2 1997
|
| 100 |
1 |
|
|a Bukovský, Vladimír,
|d 1946-
|4 aut
|9 216675
|
| 245 |
1 |
0 |
|a Príprava historických tlačí na expozičné účely
|c Vladimír Bukovský
|
| 504 |
|
|
|a Bibliogr. odkazy
|
| 546 |
|
|
|a Res. angl., nem.
|
| 650 |
0 |
7 |
|a staré tlače
|2 snkbucl
|9 51683
|
| 650 |
0 |
7 |
|a ochrana starých tlačí
|2 snkbucl
|9 1519365
|
| 650 |
0 |
7 |
|a výstavy
|2 snkbucl
|9 2780
|
| 655 |
|
7 |
|a štúdie
|2 snkbucl
|9 57033
|
| 655 |
|
7 |
|a články zo zborníkov
|2 snkbucl
|9 166140
|
| 773 |
0 |
|
|t Kniha 1999-2000
|d Martin : Slovenská národná knižnica, 2001
|g S. 226-228
|z 8089023053
|
| 850 |
|
|
|a Slovenská národná knižnica
|
| 852 |
|
|
|a Slovenská národná knižnica
|
| 954 |
|
|
|a odborná, vedecká literatúra pôvodná (slovenská)
|2 lita
|
| 958 |
|
|
|a article27
|
| 958 |
|
|
|a OND
|
| 958 |
|
|
|a EUIPO
|
| 999 |
|
|
|c 3041545
|d 3043475
|